Statistics for Most Visited U.S. Cities by Germans

Click here to take the quiz!

General Stats

  • This quiz has been taken 42 times
  • The average score is 11 of 13

Answer Stats

HintAnswer% Correct
4.6Boston
100%
9.1Miami
100%
31.0New York
100%
4.6Chicago
97%
12.8Los Angeles
97%
12.3San Francisco
97%
4.0San Diego
92%
6.8Washington, D.C.
92%
10.6Las Vegas
86%
5.4Orlando
83%
4.3Tampa
75%
4.0Northern Arizona
17%
6.1Florida Keys
14%

Score Distribution

Percentile by Number Answered

Percent of People with Each Score

Your Score History

You have not taken this quiz